HFMD PENYAKIT TANGAN, KAKI DAN MULUT : Kenali Simptom dan Cara Pencegahannya

Bibliographic Details
Main Author: Azlina Awang (Author)
Format: Book
Published: Negeri Sembilan : LOGAREADTHEM PUBLICATIONS 2019
Subjects:

MARC

LEADER 00000cam a2200000 7i4500
001 0000137497
005 20200806.0
008 200806s2019 my a j 000 1 bm
020 |a 9789670187464 
040 |a PERPUSTAM   |b eng   |c PERPUSTAM   |e rda 
090 0 0 |a J 616.91   |b AZL 
100 0 |a Azlina Awang ,   |e author 
245 1 0 |a HFMD PENYAKIT TANGAN, KAKI DAN MULUT :   |b Kenali Simptom dan Cara Pencegahannya   |c AZLINA AWANG 
264 1 |a Negeri Sembilan :   |b LOGAREADTHEM PUBLICATIONS   |c 2019 
300 |a 47 pages :   |b colour illustrations ;   |c 28cm. 
336 |a text  |2 rdacontent 
337 |a unmediated  |2 rdamedia 
338 |a volume  |2 rdacarrier 
650 1 0 |a Enterovirus diseases 
650 2 0 |a Communicable diseases 
999 |a 0000640932   |b Buku   |c Koleksi Pinjaman Kanak-Kanak   |e Perbadanan Perpustakaan Awam Melaka 
999 |a 0000640933   |b Buku   |c Koleksi Pinjaman Kanak-Kanak   |e Perpustakaan Cawangan Jasin 
999 |a 0000640934   |b Buku   |c Koleksi Pinjaman Kanak-Kanak   |e Perpustakaan Cawangan Masjid Tanah 
999 |a 0000640935   |b Buku   |c Koleksi Pinjaman Kanak-Kanak   |e Perpustakaan Cawangan Merlimau 
999 |a 0000640936   |b Buku   |c Koleksi Pinjaman Kanak-Kanak   |e Perbadanan Perpustakaan Awam Melaka 
999 |a 0000640937   |b Buku   |c Koleksi Pinjaman Kanak-Kanak   |e Perbadanan Perpustakaan Awam Melaka 
999 |a 0000640938   |b Buku   |c Koleksi Pinjaman Kanak-Kanak   |e Perpustakaan Komuniti UTC Melaka 
999 |a 0000640939   |b Buku   |c Koleksi Pinjaman Kanak-Kanak   |e PERPUSTAKAAN PENJARA SUNGAI UDANG 
999 |a 0000640940   |b Buku   |c Koleksi Pinjaman Kanak-Kanak   |e Perbadanan Perpustakaan Awam Melaka 
999 |a 0000640941   |b Buku   |c Koleksi Pinjaman Kanak-Kanak   |e Perbadanan Perpustakaan Awam Melaka 
999 |a 0000640942   |b Buku   |c Koleksi Pinjaman Kanak-Kanak   |e Perbadanan Perpustakaan Awam Melaka